Normal view
MARC view
Entry Topical Term
001 - CONTROL NUMBER
- control field: 15268
003 - CONTROL NUMBER IDENTIFIER
- control field: OSt
005 - DATE AND TIME OF LATEST TRANSACTION
- control field: 20211112093830.0
008 - FIXED-LENGTH DATA ELEMENTS
- fixed length control field: 211112|| aca||aabn | a|a d
040 ## - CATALOGING SOURCE
- Original cataloging agency: OSt
- Transcribing agency: OSt
150 ## - HEADING--TOPICAL TERM
- Topical term or geographic name entry element: City planning
670 ## - SOURCE DATA FOUND
- Source citation: Work cat.: (OSt): Jenkins, Paul: Harry, Smith: Ya Ping ,Wang 15266, Planning and housing in the rapidly urbanising world., 2007
